[Event "Villarobledo Online Qualifyer"]
[Site "playchess.com #155672"]
[Date "2009.05.23"]
[Round "5"]
[White "Misu2008"]
[Black "Darkmatter"]
[Result "1-0"]
[WhiteElo "1768"]
[BlackElo "1304"]
[PlyCount "65"]
[EventDate "2009.05.23"]
[EventType "swiss (blitz)"]

1. d4 {[%emt 0:00:00]} d5 {[%emt 0:00:01]} 2. c4 {[%emt 0:00:01]} e6 {[%emt 0:
00:01]} 3. Nf3 {[%emt 0:00:03]} c6 {[%emt 0:00:03]} 4. g3 {[%emt 0:00:01]} Nf6
{[%emt 0:00:00]} 5. Bg2 {[%emt 0:00:01]} Nbd7 {[%emt 0:00:02]} 6. O-O {[%emt 0:
00:02]} Qc7 {[%emt 0:00:00]} 7. b3 {[%emt 0:00:01]} Bd6 {[%emt 0:00:01]} 8. Bb2
{[%emt 0:00:01]} e5 {[%emt 0:00:01]} 9. dxe5 {[%emt 0:00:06]} Nxe5 {[%emt 0:00:
01]} 10. cxd5 {[%emt 0:00:01]} cxd5 {[%emt 0:00:06]} 11. Nc3 {[%emt 0:00:01]}
Be6 {[%emt 0:00:08]} 12. Nb5 {[%emt 0:00:02]} Qb6 {[%emt 0:00:12]} 13. Nxd6+ {
[%emt 0:00:03]} Qxd6 {[%emt 0:00:16]} 14. Bxe5 {[%emt 0:00:01]} Qc5 {[%emt 0:
00:01]} 15. Rc1 {[%emt 0:00:02]} Qb6 {[%emt 0:00:02]} 16. Bd4 {[%emt 0:00:19]}
Qa6 {[%emt 0:00:06]} 17. Bc5 {[%emt 0:00:02]} Ne4 {[%emt 0:00:02]} 18. Nd4 {
[%emt 0:00:26]} b6 {[%emt 0:00:17]} 19. Nxe6 {[%emt 0:00:11]} fxe6 {[%emt 0:00:
03]} 20. Bxe4 {[%emt 0:00:03]} bxc5 {[%emt 0:00:06]} 21. Bd3 {[%emt 0:00:08]}
Qc6 {[%emt 0:00:05]} 22. e4 {[%emt 0:00:05]} dxe4 {[%emt 0:00:06]} 23. Qh5+ {
[%emt 0:00:16]} g6 {[%emt 0:00:08]} 24. Qe5 {[%emt 0:00:01]} O-O {[%emt 0:00:
12]} 25. Bxe4 {[%emt 0:00:05]} Qb5 {[%emt 0:00:12]} 26. Rxc5 {[%emt 0:00:06]}
Qa6 {[%emt 0:00:06]} 27. Rc6 {[%emt 0:00:15]} Qxa2 {[%emt 0:00:02]} 28. Qxe6+ {
[%emt 0:00:02]} Kh8 {[%emt 0:00:03]} 29. Qe5+ {[%emt 0:00:02]} Kg8 {[%emt 0:00:
01]} 30. Bd5+ {[%emt 0:00:01]} Rf7 {[%emt 0:00:07]} 31. Bxf7+ {[%emt 0:00:02]}
Kxf7 {[%emt 0:00:01]} 32. Rc7+ {[%emt 0:00:01]} Kg8 {[%emt 0:00:02]} 33. Qg7# {
[%emt 0:00:02]} 1-0

[Event "Villarobledo Online Qualifyer"]
[Site "playchess.com #155672"]
[Date "2009.05.23"]
[Round "5"]
[White "Sparta Praha"]
[Black "Orzechowski_Jac"]
[Result "1-0"]
[WhiteElo "2650"]
[BlackElo "2171"]
[PlyCount "85"]
[EventDate "2009.05.23"]
[EventType "swiss (blitz)"]

1. Nf3 {[%emt 0:00:01]} Nf6 {[%emt 0:00:02]} 2. c4 {[%emt 0:00:04]} g6 {[%emt
0:00:02]} 3. g3 {[%emt 0:00:01]} Bg7 {[%emt 0:00:00]} 4. Bg2 {[%emt 0:00:00]}
O-O {[%emt 0:00:00]} 5. O-O {[%emt 0:00:02]} d6 {[%emt 0:00:00]} 6. d4 {[%emt
0:00:01]} c6 {[%emt 0:00:01]} 7. Nc3 {[%emt 0:00:01]} Qa5 {[%emt 0:00:01]} 8.
Qd2 {[%emt 0:00:01]} e5 {[%emt 0:00:34]} 9. e4 {[%emt 0:00:09]} Bg4 {[%emt 0:
00:15]} 10. d5 {[%emt 0:00:02]} cxd5 {[%emt 0:00:03]} 11. cxd5 {[%emt 0:00:05]}
b5 {[%emt 0:00:04]} 12. h3 {[%emt 0:00:02]} Bd7 {[%emt 0:00:11]} 13. Ne1 {
[%emt 0:00:12]} b4 {[%emt 0:00:06]} 14. Ne2 {[%emt 0:00:03]} Na6 {[%emt 0:00:
19]} 15. Nd3 {[%emt 0:00:10]} Bb5 {[%emt 0:00:27]} 16. b3 {[%emt 0:00:15]} Rac8
{[%emt 0:00:20]} 17. Bb2 {[%emt 0:00:01]} Nc5 {[%emt 0:00:05]} 18. Nxc5 {[%emt
0:00:03]} Rxc5 {[%emt 0:00:01]} 19. a4 {[%emt 0:00:01]} Bxe2 {[%emt 0:00:26]}
20. Qxe2 {[%emt 0:00:02]} Rfc8 {[%emt 0:00:01]} 21. Rfc1 {[%emt 0:00:02]} Bh6 {
[%emt 0:00:08]} 22. f4 {[%emt 0:00:06]} Rxc1+ {[%emt 0:00:15]} 23. Rxc1 {[%emt
0:00:01]} Rxc1+ {[%emt 0:00:01]} 24. Bxc1 {[%emt 0:00:01]} Qc5+ {[%emt 0:00:07]
} 25. Qe3 {[%emt 0:00:02]} Qxe3+ {[%emt 0:00:03]} 26. Bxe3 {[%emt 0:00:11]} a5
{[%emt 0:00:03]} 27. Bf3 {[%emt 0:00:02]} Nd7 {[%emt 0:00:03]} 28. Kf2 {[%emt
0:00:01]} Bf8 {[%emt 0:00:10]} 29. Bg4 {[%emt 0:00:02]} Nc5 {[%emt 0:00:01]}
30. Bxc5 {[%emt 0:00:01]} dxc5 {[%emt 0:00:01]} 31. fxe5 {[%emt 0:00:01]} h5 {
[%emt 0:00:03]} 32. Be2 {[%emt 0:00:02]} Bg7 {[%emt 0:00:01]} 33. e6 {[%emt 0:
00:01]} fxe6 {[%emt 0:00:01]} 34. d6 {[%emt 0:00:03]} Kf8 {[%emt 0:00:01]} 35.
Bc4 {[%emt 0:00:03]} Be5 {[%emt 0:00:01]} 36. d7 {[%emt 0:00:02]} Ke7 {[%emt 0:
00:01]} 37. Bxe6 {[%emt 0:00:01]} Bc7 {[%emt 0:00:02]} 38. Bc4 {[%emt 0:00:02]}
g5 {[%emt 0:00:03]} 39. Bb5 {[%emt 0:00:01]} h4 {[%emt 0:00:01]} 40. gxh4 {
[%emt 0:00:02]} gxh4 {[%emt 0:00:01]} 41. Kf3 {[%emt 0:00:01]} Bd6 {[%emt 0:00:
01]} 42. Kg4 {[%emt 0:00:01]} Bc7 {[%emt 0:00:01]} 43. Kxh4 {[%emt 0:00:01]
Orzechowski_Jac poddaje siê} 1-0

[Event "Villarobledo Online Qualifyer"]
[Site "playchess.com #155672"]
[Date "2009.05.23"]
[Round "5"]
[White "Krondor"]
[Black "Dominguez"]
[Result "0-1"]
[WhiteElo "1581"]
[BlackElo "2155"]
[PlyCount "54"]
[EventDate "2009.05.23"]
[EventType "swiss (blitz)"]

1. d4 {[%emt 0:00:02]} Nf6 {[%emt 0:00:02]} 2. c4 {[%emt 0:00:01]} g6 {[%emt 0:
00:02]} 3. Nc3 {[%emt 0:00:03]} d5 {[%emt 0:00:01]} 4. e3 {[%emt 0:00:02]} Bg7
{[%emt 0:00:01]} 5. Nf3 {[%emt 0:00:03]} O-O {[%emt 0:00:01]} 6. Bd2 {[%emt 0:
00:06]} c5 {[%emt 0:00:02]} 7. cxd5 {[%emt 0:00:06]} Nxd5 {[%emt 0:00:02]} 8.
dxc5 {[%emt 0:00:03]} Nxc3 {[%emt 0:00:05]} 9. Bxc3 {[%emt 0:00:06]} Bxc3+ {
[%emt 0:00:01]} 10. bxc3 {[%emt 0:00:05]} Qa5 {[%emt 0:00:01]} 11. Qb3 {[%emt
0:00:11]} Qxc5 {[%emt 0:00:05]} 12. Bc4 {[%emt 0:00:05]} Nc6 {[%emt 0:00:05]}
13. Bd3 {[%emt 0:00:27]} Be6 {[%emt 0:00:08]} 14. Qb2 {[%emt 0:00:04]} Rfd8 {
[%emt 0:00:07]} 15. Be2 {[%emt 0:00:15]} Rd7 {[%emt 0:00:09]} 16. O-O {[%emt 0:
00:04]} Rad8 {[%emt 0:00:02]} 17. Nd4 {[%emt 0:00:16]} Bc4 {[%emt 0:00:14]} 18.
Rfd1 {[%emt 0:00:16]} Bxe2 {[%emt 0:00:14]} 19. Qxe2 {[%emt 0:00:30]} Qxc3 {
[%emt 0:00:04]} 20. Nxc6 {[%emt 0:00:08]} Qxc6 {[%emt 0:00:13]} 21. Rdc1 {
[%emt 0:00:12]} Qd5 {[%emt 0:00:09]} 22. Qb2 {[%emt 0:00:05]} Qd2 {[%emt 0:00:
09]} 23. Qa3 {[%emt 0:00:08]} a6 {[%emt 0:00:06]} 24. g3 {[%emt 0:00:08]} Qe2 {
[%emt 0:00:11]} 25. Re1 {[%emt 0:00:11]} Qf3 {[%emt 0:00:05]} 26. Qb2 {[%emt 0:
00:04]} Rd2 {[%emt 0:00:04]} 27. Qc3 {[%emt 0:00:03]} Qxf2+ {[%emt 0:00:03]
Krondor resigns} 0-1

[Event "Villarobledo Online Qualifyer"]
[Site "playchess.com #155672"]
[Date "2009.05.23"]
[Round "5"]
[White "MateJaque"]
[Black "DeusMachine"]
[Result "1-0"]
[WhiteElo "2174"]
[BlackElo "1800"]
[PlyCount "57"]
[EventDate "2009.05.23"]
[EventType "swiss (blitz)"]

1. d4 {[%emt 0:00:03]} d5 {[%emt 0:00:03]} 2. Nf3 {[%emt 0:00:02]} c6 {[%emt 0:
00:01]} 3. c3 {[%emt 0:00:02]} Nf6 {[%emt 0:00:01]} 4. Ne5 {[%emt 0:00:01]} g6
{[%emt 0:00:12]} 5. e3 {[%emt 0:00:03]} Bg7 {[%emt 0:00:00]} 6. f4 {[%emt 0:00:
01]} Bf5 {[%emt 0:00:06]} 7. Nd2 {[%emt 0:00:09]} Ne4 {[%emt 0:00:11]} 8. Nxe4
{[%emt 0:00:17]} Bxe4 {[%emt 0:00:10]} 9. Qg4 {[%emt 0:00:11]} Bf5 {[%emt 0:00:
45]} 10. Qd1 {[%emt 0:00:12]} Bxe5 {[%emt 0:00:06]} 11. fxe5 {[%emt 0:00:06]}
Nd7 {[%emt 0:00:13]} 12. Bd3 {[%emt 0:00:03]} Be6 {[%emt 0:00:20]} 13. O-O {
[%emt 0:00:03]} Qb6 {[%emt 0:00:14]} 14. Kh1 {[%emt 0:00:08]} O-O-O {[%emt 0:
00:02]} 15. b4 {[%emt 0:00:05]} f6 {[%emt 0:00:17]} 16. a4 {[%emt 0:00:03]}
fxe5 {[%emt 0:00:03]} 17. b5 {[%emt 0:00:16]} Rdf8 {[%emt 0:00:15]} 18. a5 {
[%emt 0:00:04]} Qd8 {[%emt 0:00:07]} 19. bxc6 {[%emt 0:00:03]} bxc6 {[%emt 0:
00:01]} 20. Ba6+ {[%emt 0:00:05]} Kb8 {[%emt 0:00:01]} 21. Rb1+ {[%emt 0:00:01]
} Nb6 {[%emt 0:00:07]} 22. Ba3 {[%emt 0:00:14]} Ka8 {[%emt 0:00:15]} 23. axb6 {
[%emt 0:00:02]} axb6 {[%emt 0:00:00]} 24. dxe5 {[%emt 0:00:09]} Rf5 {[%emt 0:
00:07]} 25. Rxf5 {[%emt 0:00:03]} Bxf5 {[%emt 0:00:01]} 26. Ra1 {[%emt 0:00:03]
} Qb8 {[%emt 0:00:08]} 27. Qd4 {[%emt 0:00:04]} e6 {[%emt 0:00:04]} 28. Bd6 {
[%emt 0:00:02]} Qd8 {[%emt 0:00:03]} 29. Bc8# {[%emt 0:00:04]} 1-0

[Event "Villarobledo Online Qualifyer"]
[Site "playchess.com #155672"]
[Date "2009.05.23"]
[Round "5"]
[White "Chofis"]
[Black "fritaldbx"]
[Result "1-0"]
[WhiteElo "1584"]
[BlackElo "1475"]
[PlyCount "75"]
[EventDate "2009.05.23"]
[EventType "swiss (blitz)"]

1. e4 {[%emt 0:00:04]} c5 {[%emt 0:00:02]} 2. Nf3 {[%emt 0:00:02]} a6 {[%emt 0:
00:05]} 3. d4 {[%emt 0:00:01]} cxd4 {[%emt 0:00:02]} 4. Nxd4 {[%emt 0:00:01]}
Nc6 {[%emt 0:00:01]} 5. Nc3 {[%emt 0:00:02]} Nf6 {[%emt 0:00:05]} 6. Be2 {
[%emt 0:00:02]} e5 {[%emt 0:00:08]} 7. Nf3 {[%emt 0:00:05]} Bb4 {[%emt 0:00:05]
} 8. Bg5 {[%emt 0:00:13]} O-O {[%emt 0:00:07]} 9. O-O {[%emt 0:00:02]} Qe7 {
[%emt 0:00:25]} 10. Nd5 {[%emt 0:00:03]} Qd8 {[%emt 0:00:35]} 11. Nxf6+ {[%emt
0:00:11]} gxf6 {[%emt 0:00:05]} 12. Bh6 {[%emt 0:00:01]} Re8 {[%emt 0:00:06]}
13. Nh4 {[%emt 0:00:02]} Kh8 {[%emt 0:00:03]} 14. Nf5 {[%emt 0:00:02]} Rg8 {
[%emt 0:00:03]} 15. c3 {[%emt 0:00:04]} Bf8 {[%emt 0:00:12]} 16. Bxf8 {[%emt 0:
00:05]} Qxf8 {[%emt 0:00:02]} 17. Bf3 {[%emt 0:00:17]} Ne7 {[%emt 0:00:05]} 18.
Nd6 {[%emt 0:00:05]} b5 {[%emt 0:00:15]} 19. a4 {[%emt 0:00:04]} bxa4 {[%emt 0:
00:28]} 20. Rxa4 {[%emt 0:00:02]} Rg5 {[%emt 0:00:03]} 21. Qb3 {[%emt 0:00:04]}
Kg7 {[%emt 0:00:18]} 22. g3 {[%emt 0:00:03]} Nc6 {[%emt 0:00:05]} 23. Rfa1 {
[%emt 0:00:06]} Rb8 {[%emt 0:00:06]} 24. Qd1 {[%emt 0:00:04]} Rxb2 {[%emt 0:00:
04]} 25. h4 {[%emt 0:00:02]} Rg6 {[%emt 0:00:06]} 26. Nf5+ {[%emt 0:00:02]} Kh8
{[%emt 0:00:08]} 27. Bh5 {[%emt 0:00:06]} Qc5 {[%emt 0:00:02]} 28. Qf3 {[%emt
0:00:04]} Rg4 {[%emt 0:00:04]} 29. Bxg4 {[%emt 0:00:02]} Qc4 {[%emt 0:00:04]}
30. Rxc4 {[%emt 0:00:03]} Bb7 {[%emt 0:00:01]} 31. Rxc6 {[%emt 0:00:01]} Re2 {
[%emt 0:00:03]} 32. Ne3 {[%emt 0:00:01]} Rxf2 {[%emt 0:00:02]} 33. Qxf2 {[%emt
0:00:01]} f5 {[%emt 0:00:01]} 34. Bxf5 {[%emt 0:00:01]} f6 {[%emt 0:00:01]} 35.
Nd5 {[%emt 0:00:01]} Bxc6 {[%emt 0:00:02]} 36. Bxd7 {[%emt 0:00:02]} Bxd7 {
[%emt 0:00:01]} 37. Qxf6+ {[%emt 0:00:01]} Kg8 {[%emt 0:00:03]} 38. Ne7# {
[%emt 0:00:00]} 1-0

[Event "Villarobledo Online Qualifyer"]
[Site "playchess.com #155672"]
[Date "2009.05.23"]
[Round "5"]
[White "Ferdi Sert"]
[Black "Too Easy"]
[Result "1-0"]
[WhiteElo "1854"]
[BlackElo "1582"]
[PlyCount "107"]
[EventDate "2009.05.23"]
[EventType "swiss (blitz)"]

1. e4 {[%emt 0:00:03]} c5 {[%emt 0:00:01]} 2. Nf3 {[%emt 0:00:02]} d6 {[%emt 0:
00:01]} 3. d4 {[%emt 0:00:01]} cxd4 {[%emt 0:00:00]} 4. Nxd4 {[%emt 0:00:01]}
Nf6 {[%emt 0:00:00]} 5. Nc3 {[%emt 0:00:01]} a6 {[%emt 0:00:00]} 6. Bc4 {[%emt
0:00:03]} e6 {[%emt 0:00:02]} 7. Bb3 {[%emt 0:00:01]} Qc7 {[%emt 0:00:01]} 8.
Be3 {[%emt 0:00:02]} Be7 {[%emt 0:00:01]} 9. f3 {[%emt 0:00:01]} Nc6 {[%emt 0:
00:07]} 10. Qd2 {[%emt 0:00:01]} Nxd4 {[%emt 0:00:02]} 11. Bxd4 {[%emt 0:00:01]
} b5 {[%emt 0:00:03]} 12. g4 {[%emt 0:00:02]} h6 {[%emt 0:00:01]} 13. h4 {
[%emt 0:00:02]} b4 {[%emt 0:00:02]} 14. Ne2 {[%emt 0:00:02]} Bb7 {[%emt 0:00:
06]} 15. O-O-O {[%emt 0:00:05]} O-O-O {[%emt 0:00:16]} 16. Kb1 {[%emt 0:00:02]}
d5 {[%emt 0:00:06]} 17. e5 {[%emt 0:00:03]} Nd7 {[%emt 0:00:03]} 18. f4 {[%emt
0:00:01]} Nc5 {[%emt 0:00:08]} 19. Qxb4 {[%emt 0:00:06]} Nd3 {[%emt 0:00:36]}
20. Qb6 {[%emt 0:00:06]} Nc5 {[%emt 0:00:09]} 21. Qxc7+ {[%emt 0:00:04]} Kxc7 {
[%emt 0:00:00]} 22. Bxc5 {[%emt 0:00:02]} Bxc5 {[%emt 0:00:01]} 23. c3 {[%emt
0:00:02]} Be3 {[%emt 0:00:12]} 24. Rh3 {[%emt 0:00:03]} Bf2 {[%emt 0:00:04]}
25. Rf1 {[%emt 0:00:02]} Bc5 {[%emt 0:00:04]} 26. Nd4 {[%emt 0:00:02]} Rd7 {
[%emt 0:00:09]} 27. f5 {[%emt 0:00:04]} exf5 {[%emt 0:00:02]} 28. gxf5 {[%emt
0:00:02]} Bxd4 {[%emt 0:00:10]} 29. cxd4 {[%emt 0:00:02]} Re8 {[%emt 0:00:14]}
30. Rg3 {[%emt 0:00:04]} f6 {[%emt 0:00:13]} 31. e6 {[%emt 0:00:01]} Rde7 {
[%emt 0:00:01]} 32. h5 {[%emt 0:00:03]} Kd6 {[%emt 0:00:01]} 33. Rc3 {[%emt 0:
00:03]} Bc6 {[%emt 0:00:01]} 34. Rfc1 {[%emt 0:00:02]} Rc8 {[%emt 0:00:07]} 35.
Rc5 {[%emt 0:00:02]} Rec7 {[%emt 0:00:02]} 36. R1c3 {[%emt 0:00:19]} Bb7 {
[%emt 0:00:15]} 37. Rxc7 {[%emt 0:00:02]} Rxc7 {[%emt 0:00:01]} 38. Rxc7 {
[%emt 0:00:01]} Kxc7 {[%emt 0:00:01]} 39. Ba4 {[%emt 0:00:01]} Kd6 {[%emt 0:00:
05]} 40. Kc2 {[%emt 0:00:02]} Bc8 {[%emt 0:00:01]} 41. Kc3 {[%emt 0:00:02]}
Bxe6 {[%emt 0:00:01]} 42. fxe6 {[%emt 0:00:02]} Kxe6 {[%emt 0:00:00]} 43. Kd3 {
[%emt 0:00:03]} Kf5 {[%emt 0:00:01]} 44. Ke3 {[%emt 0:00:02]} Kg5 {[%emt 0:00:
00]} 45. Be8 {[%emt 0:00:02]} f5 {[%emt 0:00:02]} 46. Kf3 {[%emt 0:00:01]} a5 {
[%emt 0:00:06]} 47. a3 {[%emt 0:00:05]} f4 {[%emt 0:00:10]} 48. b4 {[%emt 0:00:
03]} axb4 {[%emt 0:00:01]} 49. axb4 {[%emt 0:00:01]} Kf5 {[%emt 0:00:03]} 50.
b5 {[%emt 0:00:01]} g5 {[%emt 0:00:03]} 51. hxg6 {[%emt 0:00:01]} h5 {[%emt 0:
00:01]} 52. g7 {[%emt 0:00:01]} h4 {[%emt 0:00:00]} 53. g8=Q {[%emt 0:00:02]}
h3 {[%emt 0:00:01]} 54. Qg6# {[%emt 0:00:02]} 1-0

[Event "Villarobledo Online Qualifyer"]
[Site "playchess.com #155672"]
[Date "2009.05.23"]
[Round "5"]
[White "Q2w3e"]
[Black "Hakem_II"]
[Result "0-1"]
[WhiteElo "1577"]
[BlackElo "1909"]
[PlyCount "48"]
[EventDate "2009.05.23"]
[EventType "swiss (blitz)"]

1. c4 {[%emt 0:00:01]} e5 {[%emt 0:00:03]} 2. Nc3 {[%emt 0:00:01]} d6 {[%emt 0:
00:02]} 3. Nf3 {[%emt 0:00:01]} f5 {[%emt 0:00:01]} 4. d4 {[%emt 0:00:02]} e4 {
[%emt 0:00:01]} 5. Ng5 {[%emt 0:00:04]} Be7 {[%emt 0:00:01]} 6. h4 {[%emt 0:00:
05]} h6 {[%emt 0:00:02]} 7. Nh3 {[%emt 0:00:02]} Nf6 {[%emt 0:00:01]} 8. Nf4 {
[%emt 0:00:08]} c6 {[%emt 0:00:02]} 9. Ng6 {[%emt 0:00:07]} Rg8 {[%emt 0:00:03]
} 10. e3 {[%emt 0:00:15]} Be6 {[%emt 0:00:03]} 11. Be2 {[%emt 0:00:12]} Bf7 {
[%emt 0:00:01]} 12. Nxe7 {[%emt 0:00:38]} Qxe7 {[%emt 0:00:02]} 13. O-O {[%emt
0:00:02]} Nbd7 {[%emt 0:00:04]} 14. f4 {[%emt 0:00:31]} O-O-O {[%emt 0:00:56]}
15. Qa4 {[%emt 0:00:27]} Kb8 {[%emt 0:00:07]} 16. b4 {[%emt 0:00:07]} Nb6 {
[%emt 0:00:05]} 17. Qb3 {[%emt 0:00:12]} g5 {[%emt 0:00:03]} 18. hxg5 {[%emt 0:
00:15]} hxg5 {[%emt 0:00:01]} 19. a4 {[%emt 0:00:08]} gxf4 {[%emt 0:00:02]} 20.
exf4 {[%emt 0:00:15]} Ng4 {[%emt 0:00:01]} 21. a5 {[%emt 0:00:03]} Nxc4 {[%emt
0:00:52] '} 22. Bxc4 {[%emt 0:00:02]} Bxc4 {[%emt 0:00:01]} 23. Qxc4 {[%emt 0:
00:00]} Qh4 {[%emt 0:00:01]} 24. g3 {[%emt 0:00:05]} Qh2# {[%emt 0:00:02]} 0-1

[Event "Villarobledo Online Qualifyer"]
[Site "playchess.com #155672"]
[Date "2009.05.23"]
[Round "5"]
[White "Kasimito"]
[Black "Senad_tesanj"]
[Result "1-0"]
[WhiteElo "1882"]
[BlackElo "1600"]
[PlyCount "59"]
[EventDate "2009.05.23"]
[EventType "swiss (blitz)"]

1. e4 {[%emt 0:00:04]} c5 {[%emt 0:00:02]} 2. Nf3 {[%emt 0:00:05]} d6 {[%emt 0:
00:01]} 3. d4 {[%emt 0:00:05]} cxd4 {[%emt 0:00:01]} 4. Nxd4 {[%emt 0:00:04]}
Nf6 {[%emt 0:00:01]} 5. Nc3 {[%emt 0:00:04]} a6 {[%emt 0:00:01]} 6. f3 {[%emt
0:00:04]} g6 {[%emt 0:00:01]} 7. Be3 {[%emt 0:00:04]} Bg7 {[%emt 0:00:01]} 8.
Qd2 {[%emt 0:00:05]} Qc7 {[%emt 0:00:04]} 9. O-O-O {[%emt 0:00:04]} Nc6 {[%emt
0:00:01]} 10. g4 {[%emt 0:00:05]} O-O {[%emt 0:00:06]} 11. g5 {[%emt 0:00:08]}
Nh5 {[%emt 0:00:20]} 12. Nd5 {[%emt 0:00:05]} Qd8 {[%emt 0:00:06]} 13. Ne2 {
[%emt 0:00:04]} e6 {[%emt 0:00:38]} 14. Nb6 {[%emt 0:00:07]} Rb8 {[%emt 0:00:
03]} 15. Ng3 {[%emt 0:00:06]} Nxg3 {[%emt 0:00:19]} 16. hxg3 {[%emt 0:00:05]}
Ne5 {[%emt 0:00:02]} 17. Qh2 {[%emt 0:00:07]} h5 {[%emt 0:00:39]} 18. gxh6 {
[%emt 0:00:06]} Bf6 {[%emt 0:00:02]} 19. Be2 {[%emt 0:00:05]} Kh7 {[%emt 0:00:
06]} 20. f4 {[%emt 0:00:06]} Nd7 {[%emt 0:00:07]} 21. Rxd6 {[%emt 0:00:04]} Qc7
{[%emt 0:00:09]} 22. Rhd1 {[%emt 0:00:05]} Nc5 {[%emt 0:00:18]} 23. Bf3 {[%emt
0:00:06]} Be7 {[%emt 0:00:23]} 24. Qd2 {[%emt 0:00:09]} Bxd6 {[%emt 0:00:03]}
25. Qxd6 {[%emt 0:00:05]} Qxd6 {[%emt 0:00:08]} 26. Rxd6 {[%emt 0:00:05]} a5 {
[%emt 0:00:03]} 27. Bxc5 {[%emt 0:00:04]} Kxh6 {[%emt 0:00:02]} 28. Rd1 {[%emt
0:00:05]} Kg7 {[%emt 0:00:01]} 29. Bd6 {[%emt 0:00:06]} Bd7 {[%emt 0:00:06]}
30. Nxd7 {[%emt 0:00:06] . Senad_tesanj resigns} 1-0

[Event "Villarobledo Online Qualifyer"]
[Site "playchess.com #155672"]
[Date "2009.05.23"]
[Round "5"]
[White "Novoselski"]
[Black "Tdurden"]
[Result "1-0"]
[WhiteElo "2552"]
[BlackElo "2197"]
[PlyCount "87"]
[EventDate "2009.05.23"]
[EventType "swiss (blitz)"]

1. e4 {[%emt 0:00:03]} e5 {[%emt 0:00:02]} 2. Nf3 {[%emt 0:00:01]} Nf6 {[%emt
0:00:01]} 3. Nxe5 {[%emt 0:00:02]} d6 {[%emt 0:00:01]} 4. Nf3 {[%emt 0:00:01]}
Nxe4 {[%emt 0:00:01]} 5. Nc3 {[%emt 0:00:00]} Nxc3 {[%emt 0:00:04]} 6. dxc3 {
[%emt 0:00:00]} Be7 {[%emt 0:00:01]} 7. Be3 {[%emt 0:00:01]} O-O {[%emt 0:00:
08]} 8. Qd2 {[%emt 0:00:01]} Nd7 {[%emt 0:00:05]} 9. O-O-O {[%emt 0:00:01]} Ne5
{[%emt 0:00:02]} 10. Nd4 {[%emt 0:00:03]} Bf6 {[%emt 0:00:17]} 11. h3 {[%emt 0:
00:08]} Qe7 {[%emt 0:00:09]} 12. g4 {[%emt 0:00:09]} g6 {[%emt 0:00:40]} 13. f4
{[%emt 0:00:08]} Nc6 {[%emt 0:00:04]} 14. Nxc6 {[%emt 0:00:03]} bxc6 {[%emt 0:
00:01]} 15. Bg2 {[%emt 0:00:01]} d5 {[%emt 0:00:05]} 16. Rhe1 {[%emt 0:00:02]}
Qd6 {[%emt 0:00:14]} 17. f5 {[%emt 0:00:06]} Rb8 {[%emt 0:00:15]} 18. Bf4 {
[%emt 0:00:09]} Qc5 {[%emt 0:00:03]} 19. Bxc7 {[%emt 0:00:07]} Rb7 {[%emt 0:00:
03]} 20. Be5 {[%emt 0:00:03]} Qb5 {[%emt 0:00:29]} 21. b3 {[%emt 0:00:04]} Bxe5
{[%emt 0:00:15]} 22. Rxe5 {[%emt 0:00:02]} Qa5 {[%emt 0:00:01]} 23. Kb2 {[%emt
0:00:03]} Qc7 {[%emt 0:00:08]} 24. Rde1 {[%emt 0:00:04]} a5 {[%emt 0:00:02]}
25. f6 {[%emt 0:00:01]} Qd6 {[%emt 0:00:04]} 26. g5 {[%emt 0:00:12]} a4 {[%emt
0:00:07]} 27. Re8 {[%emt 0:00:04]} axb3 {[%emt 0:00:06]} 28. cxb3 {[%emt 0:00:
05]} Be6 {[%emt 0:00:04]} 29. Rxf8+ {[%emt 0:00:04]} Kxf8 {[%emt 0:00:00]} 30.
Qe3 {[%emt 0:00:10]} c5 {[%emt 0:00:05]} 31. Qe5 {[%emt 0:00:04]} Qc6 {[%emt 0:
00:07]} 32. c4 {[%emt 0:00:04]} Qd7 {[%emt 0:00:13]} 33. Bxd5 {[%emt 0:00:02]}
Bxd5 {[%emt 0:00:01]} 34. cxd5 {[%emt 0:00:02]} c4 {[%emt 0:00:02]} 35. Qe7+ {
[%emt 0:00:06]} Qxe7 {[%emt 0:00:01]} 36. Rxe7 {[%emt 0:00:01]} Rb5 {[%emt 0:
00:03]} 37. Rc7 {[%emt 0:00:04]} Ke8 {[%emt 0:00:01]} 38. d6 {[%emt 0:00:12] .}
cxb3 {[%emt 0:00:03]} 39. axb3 {[%emt 0:00:02]} Rd5 {[%emt 0:00:01]} 40. Re7+ {
[%emt 0:00:02]} Kd8 {[%emt 0:00:02]} 41. Rxf7 {[%emt 0:00:01]} Rxd6 {[%emt 0:
00:00]} 42. Rxh7 {[%emt 0:00:01]} Rd5 {[%emt 0:00:00]} 43. h4 {[%emt 0:00:01]}
Ke8 {[%emt 0:00:02]} 44. Kc3 {[%emt 0:00:03] Tdurden feladja} 1-0

[Event "Villarobledo Online Qualifyer"]
[Site "playchess.com #155672"]
[Date "2009.05.23"]
[Round "5"]
[White "Acedrex"]
[Black "Àíòîíîâ"]
[Result "1-0"]
[WhiteElo "2024"]
[BlackElo "1870"]
[PlyCount "79"]
[EventDate "2009.05.23"]
[EventType "swiss (blitz)"]

1. e4 {[%emt 0:00:02]} Nf6 {[%emt 0:00:01]} 2. e5 {[%emt 0:00:01]} Nd5 {[%emt
0:00:01]} 3. d4 {[%emt 0:00:01]} d6 {[%emt 0:00:01]} 4. c4 {[%emt 0:00:01]} Nb6
{[%emt 0:00:01]} 5. exd6 {[%emt 0:00:01]} cxd6 {[%emt 0:00:01]} 6. Nc3 {[%emt
0:00:02]} g6 {[%emt 0:00:01]} 7. Be3 {[%emt 0:00:02]} Bg7 {[%emt 0:00:01]} 8.
Rc1 {[%emt 0:00:01]} O-O {[%emt 0:00:01]} 9. b3 {[%emt 0:00:01]} Nc6 {[%emt 0:
00:01]} 10. d5 {[%emt 0:00:01]} Ne5 {[%emt 0:00:07]} 11. Be2 {[%emt 0:00:01]}
Ned7 {[%emt 0:00:08]} 12. Nf3 {[%emt 0:00:06]} Nf6 {[%emt 0:00:01]} 13. O-O {
[%emt 0:00:07]} Bg4 {[%emt 0:00:02]} 14. h3 {[%emt 0:00:03]} Bxf3 {[%emt 0:00:
02]} 15. Bxf3 {[%emt 0:00:01]} a6 {[%emt 0:00:05]} 16. Re1 {[%emt 0:00:04]}
Nbd7 {[%emt 0:00:04]} 17. Bd4 {[%emt 0:00:02]} Rc8 {[%emt 0:00:13]} 18. Qd2 {
[%emt 0:00:03]} Nc5 {[%emt 0:00:40]} 19. Re2 {[%emt 0:00:04]} Re8 {[%emt 0:00:
02]} 20. Rce1 {[%emt 0:00:03]} Qc7 {[%emt 0:00:36]} 21. g4 {[%emt 0:00:15]} Qd8
{[%emt 0:00:05]} 22. g5 {[%emt 0:00:12]} Nfd7 {[%emt 0:00:02]} 23. Bg4 {[%emt
0:00:02]} a5 {[%emt 0:00:10]} 24. Kg2 {[%emt 0:00:08]} Bxd4 {[%emt 0:00:16]}
25. Qxd4 {[%emt 0:00:03]} Na6 {[%emt 0:00:08]} 26. h4 {[%emt 0:00:09]} Rb8 {
[%emt 0:00:08]} 27. f4 {[%emt 0:00:09]} Nf8 {[%emt 0:00:25]} 28. Ne4 {[%emt 0:
00:20]} e5 {[%emt 0:00:30]} 29. dxe6 {[%emt 0:00:05]} Nxe6 {[%emt 0:00:01]} 30.
Nf6+ {[%emt 0:00:03]} Kf8 {[%emt 0:00:02]} 31. Nxh7+ {[%emt 0:00:05]} Ke7 {
[%emt 0:00:02]} 32. Rxe6+ {[%emt 0:00:01]} fxe6 {[%emt 0:00:01]} 33. Rxe6+ {
[%emt 0:00:01]} Kd7 {[%emt 0:00:01]} 34. Rxd6+ {[%emt 0:00:01]} Kc7 {[%emt 0:
00:01]} 35. Rxd8 {[%emt 0:00:01]} Rbxd8 {[%emt 0:00:01]} 36. Qg7+ {[%emt 0:00:
09]} Kb8 {[%emt 0:00:04]} 37. Nf6 {[%emt 0:00:01]} Re3 {[%emt 0:00:04]} 38. Bf3
{[%emt 0:00:04]} Nc7 {[%emt 0:00:02]} 39. Nd5 {[%emt 0:00:02]} Nxd5 {[%emt 0:
00:04]} 40. Bxd5 {[%emt 0:00:01] Time} 1-0